3ds Max 2009 (Запись № 699126)

Подробности
000 -МАРКЕР
контрольное поле 01232nam0a2200313 4500
001 - ИДЕНТИФИКАТОР ЗАПИСИ
контрольное поле RU\NLR\bibl\1329018
005 - ИДЕНТИФИКАТОР ВЕРСИИ
контрольное поле 20250615163123.0
010 ## - МЕЖДУНАРОДНЫЙ СТАНДАРТНЫЙ НОМЕР КНИГИ (ISBN)
Номер (ISBN) 978-5-9775-0333-4
Тираж 2000
021 ## - НОМЕР ГОСУДАРСТВЕННОЙ РЕГИСТРАЦИИ
Код страны Российская Федерация
Номер 2008-100071
Номер Листа государственной регистраци 5885
035 ## - ДРУГИЕ СИСТЕМНЫЕ НОМЕРА
Идентификатор записи (NLR Aleph) 001314279
100 ## - ДАННЫЕ ОБЩЕЙ ОБРАБОТКИ
Данные общей обработки 20081126d2009 |||y0rusy50 ca
101 0# - ЯЗЫК РЕСУРСА
Язык текста, звукозаписи и т.д. русский
102 ## - СТРАНА ПУБЛИКАЦИИ ИЛИ ПРОИЗВОДСТВА
Страна публикации Российская Федерация
105 ## - ПОЛЕ КОДИРОВАННЫХ ДАННЫХ: ТЕКСТОВЫЕ МАТЕРИАЛЫ, МОНОГРАФИЧЕСКИЕ
Кодированные данные о монографическом текстовом документе a |||||||||
200 1# - ЗАГЛАВИЕ И СВЕДЕНИЯ ОБ ОТВЕТСТВЕННОСТИ
Основное заглавие 3ds Max 2009
Сведения, относящиеся к заглавию [наиболее полное руководство]
Первые сведения об ответственности Михаил Бурлаков
210 ## - ПУБЛИКАЦИЯ, РАСПРОСТРАНЕНИЕ И ДР.
Место издания, распространения и т.д. Санкт-Петербург
Имя издателя, распространителя и т. д. БХВ-Петербург
Дата издания, распространения и т.д. 2009
215 ## - ФИЗИЧЕСКАЯ ХАРАКТЕРИСТИКА
Специфическое обозначение материала и объем XIV, 1069 с.
Другие сведения о физической характеристике ил.
Размеры 24
Сопроводительный материал 1 электрон. опт. диск (CD-ROM)
225 1# - СЕРИЯ
Основное заглавие серии В подлиннике
300 ## - ОБЩИЕ ПРИМЕЧАНИЯ
Текст примечания На 4-й с. обл. авт.: Бурлаков М.В., д.т.н.
320 ## - ПРИМЕЧАНИЯ О НАЛИЧИИ В ДОКУМЕНТЕ БИБЛИОГРАФИИ / УКАЗАТЕЛЯ
Текст примечания Предм. указ.: с. 1057-1069
606 1# - НАИМЕНОВАНИЕ ТЕМЫ КАК ПРЕДМЕТ
Наименование темы 3D STUDIO MAX 2009, графический редактор
Формальный подзаголовок Руководства, пособия и т.п.
Системный номер авторитетной/нормативной записи 2544168
Идентификатор авторитетной/нормативной записи RU\NLR\auth\661505942
686 ## - ИНДЕКСЫ ДРУГИХ КЛАССИФИКАЦИЙ
Индекс З973.23-044.4я7
700 #1 - ИМЯ ЛИЦА - ПЕРВИЧНАЯ ОТВЕТСТВЕННОСТЬ
Начальный элемент ввода Бурлаков
Часть имени, кроме начального элемента ввода М. В.
Расширение инициалов личного имени Михаил Викторович
Код отношения Автор
801 #0 - ИСТОЧНИК ЗАПИСИ
Страна Российская Федерация
Организация NLR
Дата составления 20081126
Правила каталогизации RCR
801 #1 - ИСТОЧНИК ЗАПИСИ
Страна Российская Федерация
Организация NLR
Дата составления 20081126
942 ## - ДОПОЛНИТЕЛЬНЫЕ ЭЛЕМЕНТЫ ЗАПИСИ (АБИС)
Тип экземпляра АБИС Книга
980 ## - КОЛЛЕКЦИЯ
Название коллекции Национальная библиография
Экземпляры
Тип экземпляра Дата поступления Источник поступления Библиотека постоянного хранения Библиотека текущего хранения Место хранения Шифр хранения Штрих-код Статус экземпляра Стоимость
Книга 12.02.2009 Обязательный экземпляр РНБ (Московский) РНБ (Московский) Русский книжный фонд: издания с 1957 года 2009-7/912 2851532    
Книга 12.02.2009 Обязательный экземпляр РНБ (Московский) РНБ (Московский) Русский книжный фонд: издания с 1957 года 2009-7/912 2851533    
Книга 20.02.2009 Покупка РНБ (Московский) РНБ (Московский) Фонд общего зала литературы по технике Т1 З973.23-018.3/Б-915 1-364680   499.00